000
00206nam a2200097Ia 4500
008
240331s9999 xx 000 0 und d
082
_b
BRO
100
_a
Brown, Dan
245
0
_a
Angels and demonds
942
_c
L
999
_c
5860
_d
5860